000
00322nam a2200109Ia 4500
008
180219s9999 xx 000 0 und d
020
_a
9715131700
100
_a
Palaganas, Erlinda Castro
245
_a
Health care practice in the community /
260
_a
Ermita City
_b
Educational publishing
_c
2003
300
_a
i, 454 pages
999
_c
355931
_d
355931